| 000 | 00715nam a22002417a 4500 | ||
|---|---|---|---|
| 001 | 11382 | ||
| 003 | BD-RjUL | ||
| 005 | 20211208235121.0 | ||
| 008 | 140126t1977 n adb|| |||| 001 0 eng d | ||
| 020 | _a0063836157 | ||
| 035 | _a(BD-RjUL)11431 | ||
| 040 |
_aBD-RjUL _beng _cBD-RjUL |
||
| 041 | _aeng | ||
| 082 | 0 | 4 |
_216 _a910.02 _bGRE 1977 |
| 100 | 1 |
_aGreenl, David. _935189 |
|
| 245 |
_a The Earth in profile : _ba physical geography / _c by David Greenl and harm J.De blij. |
||
| 260 |
_aSan Francisco : _b Canfield Press, _c©1977. |
||
| 300 |
_axi, 468 p. : _billus. ; _c30 cm. |
||
| 504 | _aIncludes index. | ||
| 650 | 1 |
_aPhysical geography _935190 |
|
| 700 | 1 |
_aDe blij, Harm j. _921746 |
|
| 942 |
_2ddc _cBK |
||
| 999 |
_c11382 _d11382 |
||